000 02529cam a2200289 4500500
005 20260111140017.0
041 _afre
042 _adc
100 1 0 _aLacoue-Labarthe, Isabelle
_eauthor
245 0 0 _a‪‪L’émergence d’une « conscience féministe » juive. Europe, États-Unis, Palestine (1880-1930)‪‪
260 _c2017.
500 _a80
520 _aÀ partir de la fin des années 1880, des femmes juives participent à l’émergence d’une « conscience féministe », en Europe, aux États-Unis, puis en Palestine. Certaines d’entre elles militent au sein de mouvements généraux, d’autres contribuent à la création d’organisations ayant pour point commun de rassembler des Juives, mais par ailleurs d’une grande diversité dans leurs revendications et ses positionnements. Quelque peu négligées par l’historiographie, ces femmes juives de la fin du xix e siècle tissent des liens, par-delà les frontières, et proposent un nouveau regard sur la place des femmes dans les communautés juives. Un peu en retrait à partir de la fin des années 1920, elles ouvrent néanmoins la voie à celles qui, dans les années 1960, entament un nouveau chapitre des luttes féministes, et contribuent à éclipser leurs aînées.
520 _aFrom the late 1880s onwards, Jewish women participated in the emergence of a “feminist consciousness” in Europe, the United States, and Palestine. Some of them chose general movements ; others chose to found Jewish organizations. The latter are characterized by their diversity of claims and positions. Neglected by historians, these Jewish women created a network of international relations and exchanges and provided a new vision of women’s place in Jewish communities. Although they lost ground from the 1920s onwards, they paved the way for Jewish women activists in the 1960s, who opened a new chapter in the history of feminist struggles, and in the process, inadvertently obscured the accomplishments of their predecessors.
690 _aféminisme
690 _aorganisations juives
690 _apremière vague
690 _aréseaux féministes
690 _aYishouv
690 _afeminism
690 _afeminist networks
690 _aFirst Wave
690 _aJewish organizations
690 _aYishuv
786 0 _nClio. Femmes, Genre, Histoire | 44 | 2 | 2017-05-01 | p. 95-122 | 1252-7017
856 4 1 _uhttps://shs.cairn.info/revue-clio-femmes-genre-histoire-2016-2-page-95?lang=fr&redirect-ssocas=7080
999 _c1634912
_d1634912